Введение в атомную и молекулярную спектроскопию: учебное пособие

書誌詳細
第一著者: Штанько В. Ф. Виктор Федорович
団体著者: Томский политехнический университет (ТПУ)
要約:В учебном пособии рассмотрены вопросы систематики атомных спектров, изложены основы векторной модели атома и ее применения для интерпретации атомных спектров, даны понятия вероятностей переходов и правила отбора для квантовых переходов, основные представления о формировании электронных, колебательных и вращательных спектров молекул. Пособие разработано в рамках реализации Инновационной образовательной программы ТПУ по направлению «Неразрушающий контроль» и предназначено для студентов, обучающихся по специальности 200203 «Оптико-электронные приборы и системы».
言語:ロシア語
出版事項: Томск, Изд-во ТПУ, 2008
主題:
フォーマット: MixedMaterials 図書
KOHA link:https://koha.lib.tpu.ru/cgi-bin/koha/opac-detail.pl?biblionumber=162658

MARC

LEADER 00000nam0a2200000 4500
001 162658
005 20240119120015.0
010 |a 5982983578 
035 |a (RuTPU)RU\TPU\book\176435 
090 |a 162658 
100 |a 20090625d2008 m y0rusy50 ca 
101 0 |a rus 
102 |a RU 
105 |a a j 001zy 
200 1 |a Введение в атомную и молекулярную спектроскопию  |e учебное пособие  |f В. Ф. Штанько  |g Томский политехнический университет (ТПУ) 
210 |a Томск  |c Изд-во ТПУ  |d 2008 
215 |a 164 с.  |c ил. 
320 |a Библиогр.: с. 161. 
330 |a В учебном пособии рассмотрены вопросы систематики атомных спектров, изложены основы векторной модели атома и ее применения для интерпретации атомных спектров, даны понятия вероятностей переходов и правила отбора для квантовых переходов, основные представления о формировании электронных, колебательных и вращательных спектров молекул. Пособие разработано в рамках реализации Инновационной образовательной программы ТПУ по направлению «Неразрушающий контроль» и предназначено для студентов, обучающихся по специальности 200203 «Оптико-электронные приборы и системы». 
452 1 |0 (RuTPU)RU\TPU\book\205306  |t Введение в атомную и молекулярную спектроскопию  |o учебное пособие  |f В. Ф. Штанько  |g Томский политехнический университет (ТПУ)  |c Томск  |n Изд-во ТПУ  |d 2008  |a Штанько, Виктор Федорович 
606 1 |a Спектроскопия атомная  |2 stltpush  |3 (RuTPU)RU\TPU\subj\55790  |9 73755 
606 1 |a Спектроскопия молекулярная  |2 stltpush  |3 (RuTPU)RU\TPU\subj\55805  |9 73766 
610 1 |a атомы 
610 1 |a неразрушающий контроль 
610 1 |a модели 
610 1 |a квантовая механика 
610 1 |a молекулярные спектры 
610 1 |a комбинационное рассеяние 
610 1 |a учебные пособия 
610 1 |a труды учёных ТПУ 
675 |a 539.184(075.8)  |v 3 
675 |a 535.338.4(075.8)  |v 3 
700 1 |a Штанько  |b В. Ф.  |c физик  |c профессор Томского политехнического университета, доктор физико-математических наук  |f 1948-  |g Виктор Федорович  |9 11827 
712 0 2 |a Томский политехнический университет (ТПУ)  |c (1991- )  |3 (RuTPU)RU\TPU\col\376 
801 1 |a RU  |b 63413507  |c 20090625  |g PSBO 
801 2 |a RU  |b 63413507  |c 20201116  |g RCR 
942 |c BK